[Event "XXVI Ogolnopolska Olimpiada Mlodziezy"]
[Site "Pulawy"]
[Date "2020.10.05"]
[Round "1.7"]
[White "Dobosiewicz, Dawid"]
[Black "Raczek, Krzysztof"]
[Result "0-1"]
[WhiteElo "1390"]
[BlackElo "1782"]
[PlyCount "142"]
[EventDate "2020.10.04"]
[EventType "swiss"]
[Tiebreak "Sum of Buchholz+Median1 Buchholz+Sonneborn-Berger (Swiss)"]

1. e4 c5 2. Nc3 Nc6 3. f4 g6 4. Nf3 Bg7 5. Bb5 Nd4 6. O-O Nxb5 7. Nxb5 d5 8.
exd5 a6 9. Nc3 Nf6 10. d6 Qxd6 11. d3 O-O 12. Qe2 b6 13. Re1 e6 14. Ne4 Qc7 15.
Nfg5 Nd5 16. Nh3 e5 17. Qf3 Bxh3 18. Qxh3 Nxf4 19. Bxf4 exf4 20. Qh4 Qe5 21. c3
h6 22. Rad1 Rad8 23. Nd2 Qf5 24. Ne4 Rfe8 25. Rf1 g5 26. Qh5 c4 27. Nf2 cxd3
28. Ng4 Qg6 29. Qxg6 fxg6 30. Rf3 Re2 31. Rf2 Rc2 32. Rfd2 Bf8 33. Ne5 Re8 34.
Nxd3 Re2 35. Rxe2 Rxe2 36. Kf1 Rc2 37. Ne5 Rxb2 38. Rd8 Kg7 39. Ng4 Bc5 40.
Rd7+ Kf8 41. Nf6 Be7 42. Nd5 Rd2 43. Ke1 Rxd5 44. Rxd5 Kf7 45. Rd7 Ke6 46. Rb7
Bc5 47. Rg7 Kf6 48. Ra7 a5 49. Ke2 g4 50. Rd7 Kf5 51. Rf7+ Kg5 52. a4 Bg1 53.
h3 h5 54. hxg4 Kxg4 55. Rf6 g5 56. Rd6 Kg3 57. Kf1 Bc5 58. Rd3+ Be3 59. Rd6 f3
60. gxf3 Kxf3 61. Rf6+ Kg3 62. Re6 Bc5 63. Re2 g4 64. Rd2 h4 65. Rd3+ Kh2 66.
Rd2+ Kh3 67. Rd3+ g3 68. Rd2 Kg4 69. Kg2 h3+ 70. Kh1 g2+ 71. Kh2 g1=Q# 0-1

[Event "XXVI Ogolnopolska Olimpiada Mlodziezy"]
[Site "Pulawy"]
[Date "2020.10.05"]
[Round "1.7"]
[White "Grzadka, Artur"]
[Black "Karolczuk, Iwo"]
[Result "0-1"]
[WhiteElo "1723"]
[BlackElo "2010"]
[PlyCount "70"]
[EventDate "2020.10.04"]
[EventType "swiss"]
[Tiebreak "Sum of Buchholz+Median1 Buchholz+Sonneborn-Berger (Swiss)"]

1. d4 Nf6 2. c4 g6 3. Nc3 Bg7 4. e4 d6 5. Nf3 O-O 6. h3 e5 7. d5 a5 8. g4 Na6
9. Be3 c6 10. a3 Nc5 11. Nd2 cxd5 12. cxd5 Nfd7 13. Qc2 Qe7 14. Nc4 a4 15.
O-O-O f5 16. gxf5 gxf5 17. f3 fxe4 18. fxe4 Nb3+ 19. Kb1 Nd4 20. Bxd4 exd4 21.
Nb5 Nc5 22. Nbxd6 Bd7 23. e5 Rab8 24. e6 b5 25. Nf5 Rxf5 26. Qxf5 bxc4 27. Bxc4
Be8 28. Ka2 Rb6 29. Rhf1 Rd6 30. Qf4 Bg6 31. h4 Be4 32. h5 Bxd5 33. Bxd5 Rxd5
34. h6 Qxe6 35. Qb8+ Rd8+ 0-1

[Event "XXVI Ogolnopolska Olimpiada Mlodziezy"]
[Site "Pulawy"]
[Date "2020.10.05"]
[Round "1.7"]
[White "Szczotka, Matylda"]
[Black "Barwinska, Ewa"]
[Result "0-1"]
[WhiteElo "1306"]
[BlackElo "1742"]
[PlyCount "96"]
[EventDate "2020.10.04"]
[EventType "swiss"]
[Tiebreak "Sum of Buchholz+Median1 Buchholz+Sonneborn-Berger (Swiss)"]

1. e4 c5 2. Nc3 e6 3. Nf3 a6 4. d4 cxd4 5. Nxd4 Qc7 6. Bd3 Nf6 7. O-O Be7 8.
Kh1 O-O 9. f4 d6 10. Qe1 Nbd7 11. Bd2 b5 12. Qg3 Kh8 13. Rae1 Nc5 14. Nf3 Nfd7
15. Qh3 Nxd3 16. cxd3 b4 17. Ne2 Nc5 18. Nc1 a5 19. b3 Ba6 20. Ng5 Bxg5 21.
fxg5 e5 22. Rf3 Qd7 23. Qh4 Qe6 24. Ref1 Qg6 25. R1f2 Ne6 26. Rg3 Rg8 27. Rf6
gxf6 28. gxf6 Qxg3 29. hxg3 Rac8 30. Qh6 Rxg3 31. Be1 Rg6 32. Qe3 Rxf6 33. Kg1
Rg6 34. Ne2 Rcg8 35. g3 Nc5 36. d4 Ne6 37. dxe5 dxe5 38. Nc1 Nd4 39. Nd3 Nc2
40. Qd2 Bxd3 41. Bf2 Bxe4 42. Qe2 Rg4 43. Qb5 f6 44. Qa6 R8g6 45. Qe2 Rxg3+ 46.
Kh2 Rg2+ 47. Kh3 Bf5+ 48. Kh4 Rh2# 0-1

[Event "XXVI Ogolnopolska Olimpiada Mlodziezy"]
[Site "Pulawy"]
[Date "2020.10.05"]
[Round "1.8"]
[White "Bartodziej, Bartosz"]
[Black "Duda, Leon"]
[Result "1-0"]
[WhiteElo "1775"]
[BlackElo "1388"]
[PlyCount "101"]
[EventDate "2020.10.04"]
[EventType "swiss"]
[Tiebreak "Sum of Buchholz+Median1 Buchholz+Sonneborn-Berger (Swiss)"]

1. e4 c5 2. Nf3 d6 3. d4 cxd4 4. Nxd4 Nf6 5. Nc3 g6 6. Be3 Bg7 7. f3 Nc6 8. Qd2
O-O 9. O-O-O d5 10. Qe1 e5 11. Nxc6 bxc6 12. exd5 cxd5 13. Bg5 Qb6 14. Bxf6
Bxf6 15. Nxd5 Qc6 16. Qxe5 Qxc2+ 17. Kxc2 Bxe5 18. Bc4 Be6 19. Ne7+ Kg7 20.
Bxe6 fxe6 21. Kb1 Rab8 22. b3 Rb7 23. Nc6 Bf6 24. Rd6 e5 25. Rhd1 Rff7 26. R6d5
Rbc7 27. Nxe5 Rfe7 28. Nc4 Re2 29. Rd7+ Rxd7 30. Rxd7+ Kg8 31. Rd2 Re6 32. Kc2
Kf7 33. Nd6+ Kg8 34. Ne4 Be5 35. h3 Re7 36. Kd3 Kf7 37. Kc4 Rc7+ 38. Nc5 Ke7
39. Kd5 Bf6 40. Re2+ Kf7 41. Ne4 Be7 42. Nd6+ Kf8 43. Nc4 Kf7 44. Ne5+ Kf6 45.
Ng4+ Kf7 46. f4 h5 47. Ne5+ Kf6 48. g4 a6 49. Ke4 Bd6 50. gxh5 gxh5 51. Rg2 1-0

[Event "XXVI Ogolnopolska Olimpiada Mlodziezy"]
[Site "Pulawy"]
[Date "2020.10.05"]
[Round "1.8"]
[White "Kucharska, Helena"]
[Black "Lajdamik, Anna"]
[Result "1-0"]
[WhiteElo "1727"]
[BlackElo "1292"]
[PlyCount "61"]
[EventDate "2020.10.04"]
[EventType "swiss"]
[Tiebreak "Sum of Buchholz+Median1 Buchholz+Sonneborn-Berger (Swiss)"]

1. e4 c6 2. d4 d5 3. exd5 cxd5 4. Nf3 Nc6 5. c3 Nf6 6. Bd3 Bg4 7. h3 Bh5 8.
Nbd2 e6 9. O-O Be7 10. Qb3 Qc7 11. Re1 O-O 12. Ne5 a6 13. f4 b5 14. Ndf3 Na5
15. Qc2 b4 16. Ng5 bxc3 17. Bxh7+ Kh8 18. g4 Bg6 19. Bxg6 fxg6 20. Nxg6+ Kg8
21. Nxe6 Qb7 22. Ngxf8 Bxf8 23. Nxf8 Rxf8 24. Qxc3 Nc4 25. b3 Nd6 26. Re5 Nfe4
27. Qa5 Nf6 28. Ba3 Nfe8 29. Rae1 Qd7 30. Qxd5+ Kh8 31. Rh5# 1-0

[Event "XXVI Ogolnopolska Olimpiada Mlodziezy"]
[Site "Pulawy"]
[Date "2020.10.05"]
[Round "1.8"]
[White "Meers, Hubert"]
[Black "Halhoul, Adam"]
[Result "1/2-1/2"]
[WhiteElo "1988"]
[BlackElo "1718"]
[PlyCount "90"]
[EventDate "2020.10.04"]
[EventType "swiss"]
[Tiebreak "Sum of Buchholz+Median1 Buchholz+Sonneborn-Berger (Swiss)"]

1. e4 c5 2. Nf3 d6 3. d4 cxd4 4. Nxd4 Nf6 5. Nc3 g6 6. Be3 Bg7 7. f3 Nc6 8. Qd2
O-O 9. g4 Nxd4 10. Bxd4 Be6 11. h4 Qa5 12. h5 Rfc8 13. a3 Rab8 14. Bh3 Rc4 15.
hxg6 hxg6 16. Bf1 Nxe4 17. Nxe4 Qxd2+ 18. Kxd2 Rxd4+ 19. Ke3 Rd5 20. c3 Bd7 21.
Bc4 Ra5 22. Rad1 Bc6 23. Ba2 Bxe4 24. fxe4 Ra6 25. Rhf1 e6 26. Rf3 Rc6 27. Ke2
Be5 28. Rdf1 Rc7 29. Kd2 Kg7 30. Rh1 Rh8 31. Rxh8 Kxh8 32. Ke3 Kg7 33. Rf1 a6
34. a4 Rc8 35. Rh1 Rh8 36. Rxh8 Kxh8 37. Bc4 Kg7 38. Kf3 Kf6 39. Ke3 Kg5 40.
Kf3 Kf6 41. Ke3 Kg5 42. Kf3 Bf4 43. Bf1 Bc1 44. b3 Bd2 45. c4 Bb4 1/2-1/2

[Event "XXVI Ogolnopolska Olimpiada Mlodziezy"]
[Site "Pulawy"]
[Date "2020.10.05"]
[Round "1.8"]
[White "Nieckarz, Maja"]
[Black "Feliks, Agnieszka"]
[Result "1/2-1/2"]
[WhiteElo "1426"]
[BlackElo "1149"]
[PlyCount "92"]
[EventDate "2020.10.04"]
[EventType "swiss"]
[Tiebreak "Sum of Buchholz+Median1 Buchholz+Sonneborn-Berger (Swiss)"]

1. e4 e5 2. Nf3 Nc6 3. d4 exd4 4. Nxd4 Bc5 5. Nb3 Bb6 6. Nc3 Nge7 7. Qe2 Ng6 8.
Be3 Bxe3 9. Qxe3 a6 10. O-O-O h6 11. f4 O-O 12. g4 d6 13. Be2 b5 14. Rdg1 b4
15. Nb1 Qf6 16. f5 Nge5 17. h4 Re8 18. g5 hxg5 19. hxg5 Qd8 20. Qh3 Kf8 21.
Qh8+ Ke7 22. Qxg7 Bb7 23. f6+ Kd7 24. Bg4+ Nxg4 25. Qxf7+ Kc8 26. Rxg4 Ne5 27.
Qh7 Nxg4 28. Qf5+ Qd7 29. f7 Rf8 30. Qf4 Ne5 31. Rh7 Kb8 32. Nd4 Rxf7 33. Rxf7
Qxf7 34. Nf5 Ng6 35. Qg4 Qe6 36. Nd2 Ka7 37. Qg1+ c5 38. Qh2 Rd8 39. b3 Bxe4
40. Nxe4 Qxe4 41. Qh7+ Ka8 42. Qxg6 Rf8 43. Qxd6 Rxf5 44. Qxa6+ Kb8 45. Qb6+
Qb7 46. Qd8+ Ka7 1/2-1/2

[Event "XXVI Ogolnopolska Olimpiada Mlodziezy"]
[Site "Pulawy"]
[Date "2020.10.05"]
[Round "1.9"]
[White "Musin, Pawel"]
[Black "Borowik, Wojciech"]
[Result "0-1"]
[WhiteElo "1372"]
[BlackElo "1759"]
[PlyCount "134"]
[EventDate "2020.10.04"]
[EventType "swiss"]
[Tiebreak "Sum of Buchholz+Median1 Buchholz+Sonneborn-Berger (Swiss)"]

1. d4 Nf6 2. c4 g6 3. Nc3 Bg7 4. Nf3 O-O 5. e4 d6 6. Be2 e5 7. d5 a5 8. O-O Na6
9. a3 Nc5 10. Qc2 a4 11. Be3 Nfd7 12. Nd2 f5 13. f4 exf4 14. Rxf4 Bh6 15. Rf3
f4 16. Bd4 Bg7 17. Bxg7 Kxg7 18. Raf1 g5 19. Nb5 Ne5 20. R3f2 Bd7 21. Nd4 Rf6
22. h3 Qe7 23. N2f3 Nxf3+ 24. Bxf3 Re8 25. Re2 Qf7 26. Bg4 h5 27. Bxd7 Qxd7 28.
b4 axb3 29. Nxb3 Nxb3 30. Qxb3 b6 31. Qc3 Re5 32. Qd4 Rf8 33. Ref2 Ra8 34. h4
Qg4 35. hxg5 Rf8 36. Rc2 Qxg5 37. Rcf2 Kh6 38. Rf3 Re7 39. R1f2 h4 40. Kf1 Ree8
41. Kg1 Rf7 42. Kf1 Ref8 43. Ke2 Ra8 44. Kf1 Qe5 45. Qxe5 dxe5 46. Rd2 Rd7 47.
Rb3 Ra4 48. Rc2 Kg5 49. Kf2 Ra5 50. Kf3 Kf6 51. Rcc3 Rg7 52. Kf2 Rg3 53. Rxg3
hxg3+ 54. Kf3 Ke7 55. Kg4 Ra8 56. Kf5 Kd6 57. c5+ bxc5 58. Rb1 Rf8+ 59. Kg4 Rh8
60. a4 Ra8 61. Kf5 c4 62. Rb4 Kc5 63. Rb7 Kd6 64. Rb4 Rf8+ 65. Kg4 f3 66. Rb1
f2 67. Rf1 c3 0-1

[Event "XXVI Ogolnopolska Olimpiada Mlodziezy"]
[Site "Pulawy"]
[Date "2020.10.05"]
[Round "1.9"]
[White "Nowak, Zuzanna"]
[Black "Bukala, Weronika"]
[Result "0-1"]
[WhiteElo "1292"]
[BlackElo "1704"]
[PlyCount "168"]
[EventDate "2020.10.04"]
[EventType "swiss"]
[Tiebreak "Sum of Buchholz+Median1 Buchholz+Sonneborn-Berger (Swiss)"]

1. e4 Nf6 2. e5 Nd5 3. d4 d6 4. Nf3 Bg4 5. h3 Bh5 6. Bc4 Nb6 7. Bb3 Nc6 8. c3
dxe5 9. g4 Bg6 10. Nxe5 Nxe5 11. dxe5 Qxd1+ 12. Bxd1 O-O-O 13. Nd2 e6 14. Be2
Be7 15. Nb3 Bd3 16. Bf3 Nc4 17. Bg2 Nxe5 18. Bf4 Nc4 19. O-O-O e5 20. Bg3 Bg5+
21. f4 exf4 22. h4 f3+ 23. hxg5 fxg2 24. Rhg1 Bf1 25. Rd4 Rhe8 26. Rf4 Ne5 27.
Kc2 Rd3 28. Bf2 Nf3 29. Rxg2 Rd5 30. Rxf3 Bxg2 31. Rxf7 Re2+ 32. Kc1 Re8 33.
Rxg7 Rd7 34. Rxd7 Kxd7 35. Nc5+ Kc6 36. Nd3 Bf3 37. Bg3 Kb6 38. Ne5 Bc6 39. b3
Rf8 40. Nc4+ Ka6 41. Bxc7 Rc8 42. Bg3 Bd5 43. Be5 Bxc4 44. bxc4 Rxc4 45. Bd4
Rc6 46. Kc2 b6 47. Kd3 Re6 48. Bf6 Kb5 49. Bg7 Re1 50. Bd4 Ka4 51. c4 Ka3 52.
c5 Rd1+ 53. Kc4 bxc5 54. Bxc5+ Kxa2 55. Bxa7 Rd7 56. Bd4 Rf7 57. Be3 Kb2 58.
Kd4 Kc2 59. Ke4 Kd1 60. Bd4 Ke2 61. Bf6 Rf8 62. Bd4 Rd8 63. Bf6 Rf8 64. Bd4 Kf1
65. Bf6 Kg2 66. Be5 Kh3 67. Bd6 Rf7 68. Be5 Kxg4 69. Bf6 Rb7 70. Ke3 Rb5 71.
Kf2 Rf5+ 72. Kg2 h6 73. Bd8 hxg5 74. Be7 Ra5 75. Bd6 Ra2+ 76. Kh1 Kf3 77. Be5
g4 78. Bd4 g3 79. Bc5 Ra1+ 80. Bg1 Ra2 81. Bd4 Rd2 82. Bc5 Rd1+ 83. Bg1 Rxg1+
84. Kxg1 g2 0-1

[Event "XXVI Ogolnopolska Olimpiada Mlodziezy"]
[Site "Pulawy"]
[Date "2020.10.05"]
[Round "1.9"]
[White "Wittych, Julia"]
[Black "Gaszka, Zuzanna"]
[Result "0-1"]
[WhiteElo "1141"]
[BlackElo "1417"]
[PlyCount "48"]
[EventDate "2020.10.04"]
[EventType "swiss"]
[Tiebreak "Sum of Buchholz+Median1 Buchholz+Sonneborn-Berger (Swiss)"]

1. e4 e5 2. Nf3 Nc6 3. Bb5 a6 4. Ba4 Nf6 5. O-O Be7 6. Re1 b5 7. Bb3 O-O 8. c3
d5 9. Bc2 dxe4 10. Bxe4 Nxe4 11. Rxe4 Bf5 12. Re1 e4 13. Nd4 Nxd4 14. cxd4 Qxd4
15. Nc3 Bc5 16. Rf1 Rad8 17. h3 Rfe8 18. Ne2 Qe5 19. Qb3 Rd3 20. Qc2 Bxh3 21.
Re1 Qg5 22. g3 Rxg3+ 23. Nxg3 Qxg3+ 24. Kh1 Qg2# 0-1

[Event "XXVI Ogolnopolska Olimpiada Mlodziezy"]
[Site "Pulawy"]
[Date "2020.10.05"]
[Round "1.9"]
[White "Zalega, Maciej"]
[Black "Kazmierowski, Tymon"]
[Result "1/2-1/2"]
[WhiteElo "1713"]
[BlackElo "1958"]
[PlyCount "103"]
[EventDate "2020.10.04"]
[EventType "swiss"]
[Tiebreak "Sum of Buchholz+Median1 Buchholz+Sonneborn-Berger (Swiss)"]

1. e4 c5 2. Nf3 d6 3. d4 cxd4 4. Nxd4 Nf6 5. Nc3 a6 6. f3 e5 7. Nb3 Be6 8. Be3
Be7 9. Qd2 O-O 10. O-O-O Nbd7 11. g4 b5 12. g5 b4 13. Ne2 Ne8 14. f4 a5 15. f5
a4 16. fxe6 axb3 17. cxb3 fxe6 18. Kb1 Qa5 19. Nc1 Nc7 20. Bc4 Nb6 21. h4 Rad8
22. Bxb6 Qxb6 23. Bxe6+ Kh8 24. Bc4 Rf2 25. Qe1 Rdf8 26. Nd3 Rg2 27. Rf1 Rb8
28. Rf7 d5 29. exd5 Bd6 30. Qf1 Rh2 31. Nxe5 Qe3 32. Nd3 Qd4 33. Qg1 Qe4 34.
Rdf1 Rd2 35. Rd1 Bc5 36. Qh1 Rxd1+ 37. Qxd1 Nxd5 38. Bxd5 Qxd5 39. Qf3 Qd4 40.
Nxc5 Qxc5 41. Qd1 Ra8 42. Qf1 Re8 43. h5 Qd6 44. Rf4 Rc8 45. h6 gxh6 46. gxh6
Qg6+ 47. Ka1 Qxh6 48. Rc4 Rf8 49. Qe1 Rc8 50. Qf1 Rxc4 51. bxc4 Qa6 52. Qf8#
1/2-1/2

[Event "XXVI Ogolnopolska Olimpiada Mlodziezy"]
[Site "Pulawy"]
[Date "2020.10.05"]
[Round "1.10"]
[White "Malek, Jan"]
[Black "Kutowski, Marcel"]
[Result "1-0"]
[WhiteElo "1941"]
[BlackElo "1712"]
[PlyCount "101"]
[EventDate "2020.10.04"]
[EventType "swiss"]
[Tiebreak "Sum of Buchholz+Median1 Buchholz+Sonneborn-Berger (Swiss)"]

1. e4 c5 2. c3 Nf6 3. e5 Nd5 4. g3 d6 5. exd6 Qxd6 6. Bg2 Nc6 7. Ne2 Bg4 8. O-O
e5 9. Re1 O-O-O 10. Na3 Be7 11. Qa4 f5 12. Nc4 Qc7 13. Qb3 e4 14. d3 Bxe2 15.
Rxe2 exd3 16. Re1 Qd7 17. a4 Rhe8 18. a5 Bf6 19. Rxe8 Rxe8 20. Bd2 Nce7 21. a6
b6 22. Bf4 Nxf4 23. gxf4 Qc7 24. Nxb6+ Qxb6 25. Qxb6 axb6 26. a7 Kc7 27. a8=Q
Rxa8 28. Rxa8 Ng6 29. Ra7+ Kd6 30. Rb7 Nxf4 31. Rxb6+ Kd7 32. Bf3 d2 33. Kf1
Bg5 34. Rb7+ Ke6 35. Rxg7 h6 36. Be2 Nd3 37. Rb7 Ke5 38. Bd1 Nc1 39. Rd7 c4 40.
h4 Bf4 41. Rd4 Nd3 42. Bc2 Ne1 43. Bd1 Nd3 44. b4 Ke6 45. b5 Be5 46. Rxc4 Nb2
47. Rc6+ Kd7 48. Ke2 Bf4 49. Rc5 Ke6 50. b6 Bd6 51. b7 1-0

[Event "XXVI Ogolnopolska Olimpiada Mlodziezy"]
[Site "Pulawy"]
[Date "2020.10.05"]
[Round "1.10"]
[White "Mroz, Lena"]
[Black "Giemza, Julia"]
[Result "1-0"]
[WhiteElo "1623"]
[BlackElo "1279"]
[PlyCount "90"]
[EventDate "2020.10.04"]
[EventType "swiss"]
[Tiebreak "Sum of Buchholz+Median1 Buchholz+Sonneborn-Berger (Swiss)"]

1. e4 c5 2. Nf3 d6 3. d4 cxd4 4. Nxd4 Nf6 5. f3 a6 6. c4 e6 7. Nc3 Be7 8. Be3
O-O 9. Qd2 b6 10. g4 Bb7 11. O-O-O Nbd7 12. h4 Rc8 13. h5 Ne5 14. g5 Ne8 15. g6
Qd7 16. b3 Nc7 17. Bh3 b5 18. f4 Nc6 19. gxf7+ Rxf7 20. f5 Nxd4 21. Bxd4 exf5
22. Rhg1 b4 23. Na4 Bxe4 24. Nb6 Qd8 25. Nxc8 Qxc8 26. Rde1 Qb7 27. Bg2 Ne6 28.
Bxe4 fxe4 29. Bb2 Nf4 30. Ref1 Nd3+ 31. Kb1 Rxf1+ 32. Rxf1 Nxb2 33. Kxb2 Bf6+
34. Kb1 Qe7 35. Qd5+ Kf8 36. h6 g6 37. Qa8+ Kf7 38. Rf4 Qe5 39. Qb7+ Ke6 40.
Rxe4 Kf5 41. Rxe5+ Bxe5 42. Qxh7 Kg5 43. Kc2 Kh5 44. Kd3 g5 45. Qg7 Bxg7 1-0

[Event "XXVI Ogolnopolska Olimpiada Mlodziezy"]
[Site "Pulawy"]
[Date "2020.10.05"]
[Round "1.10"]
[White "Wojs, Alicja"]
[Black "Prawucka, Zofia"]
[Result "0-1"]
[WhiteElo "1392"]
[BlackElo "1137"]
[PlyCount "112"]
[EventDate "2020.10.04"]
[EventType "swiss"]
[Tiebreak "Sum of Buchholz+Median1 Buchholz+Sonneborn-Berger (Swiss)"]

1. e4 c6 2. d4 d5 3. e5 Bf5 4. h4 h6 5. g4 Bh7 6. e6 fxe6 7. Bd3 g6 8. h5 gxh5
9. gxh5 Nf6 10. Nf3 Nbd7 11. Nh4 Qa5+ 12. Bd2 Qb6 13. Ng6 Rg8 14. Bc3 O-O-O 15.
Nd2 c5 16. dxc5 Nxc5 17. Bxf6 Nxd3+ 18. cxd3 exf6 19. Qc2+ Kb8 20. Rg1 Bc5 21.
Nb3 Bb4+ 22. Nd2 Rc8 23. Qd1 Qd4 24. a3 Bc5 25. Qe2 Qxb2 26. Rb1 Qxa3 27. Kf1
e5 28. Rb3 Qa4 29. Qf3 Bb4 30. Qxd5 Rc1+ 31. Kg2 Rxg1+ 32. Kxg1 Qa5 33. Qf7 Qc7
34. Qxc7+ Kxc7 35. Rxb4 f5 36. Nf3 Bxg6 37. hxg6 Rxg6+ 38. Kf1 Re6 39. Nh4 Rf6
40. Rb5 e4 41. Rxf5 Rxf5 42. Nxf5 exd3 43. Nxh6 a5 44. Nf5 a4 45. Nd4 Kd6 46.
Ke1 Kd5 47. Nb5 Kc5 48. Na3 Kb4 49. Nb1 b5 50. Kd2 a3 51. Nc3 Kc4 52. f4 b4 53.
Na2 b3 54. Nc3 a2 55. Nxa2 bxa2 56. f5 a1=Q 0-1

[Event "XXVI Ogolnopolska Olimpiada Mlodziezy"]
[Site "Pulawy"]
[Date "2020.10.05"]
[Round "1.10"]
[White "Zielonka, Adam"]
[Black "Micula, Jakub"]
[Result "1-0"]
[WhiteElo "1736"]
[BlackElo "1370"]
[PlyCount "113"]
[EventDate "2020.10.04"]
[EventType "swiss"]
[Tiebreak "Sum of Buchholz+Median1 Buchholz+Sonneborn-Berger (Swiss)"]

1. Nf3 Nf6 2. c4 e6 3. b3 Be7 4. Bb2 O-O 5. g3 b6 6. Bg2 Bb7 7. O-O d5 8. d3 c5
9. e3 Nbd7 10. Nbd2 Qb8 11. Qe2 e5 12. cxd5 Nxd5 13. Nc4 Bf6 14. Nfd2 b5 15.
Na5 Qc7 16. Nxb7 Qxb7 17. Ne4 Qc7 18. Rac1 Be7 19. Nxc5 Nxc5 20. Bxd5 Rad8 21.
Bf3 Qa5 22. d4 e4 23. dxc5 exf3 24. Qxf3 Qxa2 25. Bd4 Qxb3 26. Qg4 f6 27. Rb1
Qd5 28. Rxb5 Qc4 29. Rb7 Rf7 30. Rxa7 f5 31. Qf4 Qd5 32. Rc1 Bg5 33. Rxf7 Bxf4
34. Rxg7+ Kf8 35. gxf4 Qf3 36. Rg3 Qe4 37. c6 Rc8 38. c7 Kf7 39. Be5 h5 40. Rd1
Qc4 41. Rg7+ Ke8 42. Rgd7 Qg8+ 43. Kh1 Qg4 44. Rd8+ Ke7 45. R1d7+ Ke6 46. Rg7
Qf3+ 47. Kg1 Qc6 48. Rg6+ Ke7 49. Rxc6 Rxd8 50. Bf6+ Kd7 51. cxd8=Q+ Kxc6 52.
Qd4 h4 53. Qc4+ Kd7 54. Qd5+ Ke8 55. Qe6+ Kf8 56. Qe7+ Kg8 57. Qg7# 1-0

[Event "XXVI Ogolnopolska Olimpiada Mlodziezy"]
[Site "Pulawy"]
[Date "2020.10.05"]
[Round "1.11"]
[White "Karut, Kacper"]
[Black "Zdybel, Przemyslaw"]
[Result "0-1"]
[WhiteElo "1657"]
[BlackElo "1938"]
[PlyCount "110"]
[EventDate "2020.10.04"]
[EventType "swiss"]
[Tiebreak "Sum of Buchholz+Median1 Buchholz+Sonneborn-Berger (Swiss)"]

1. e4 c5 2. Nf3 d6 3. d4 cxd4 4. Nxd4 Nf6 5. Nc3 a6 6. f3 e5 7. Nb3 Be6 8. Be3
h5 9. Qd2 Nbd7 10. Nd5 Bxd5 11. exd5 g6 12. Be2 Bg7 13. O-O b6 14. Rad1 O-O 15.
c4 Re8 16. Na1 e4 17. f4 Ng4 18. Bxg4 hxg4 19. Nb3 Qc7 20. Rc1 f5 21. Bd4 Nc5
22. Nxc5 bxc5 23. Bxg7 Qxg7 24. Rfe1 Qd4+ 25. Qxd4 cxd4 26. Rcd1 d3 27. Kf2 Kg7
28. Ke3 Kf6 29. Rd2 Rh8 30. g3 Rh3 31. Rh1 Rah8 32. Rg2 a5 33. b3 g5 34. a3 Re8
35. Re1 Rc8 36. Rc1 Rh7 37. b4 Rhc7 38. Kd4 gxf4 39. gxf4 Rb7 40. Rb1 Ra8 41.
Rgb2 axb4 42. axb4 Ra4 43. Kc3 Ra3+ 44. Rb3 Ra2 45. R1b2 Ra1 46. Rb1 Rba7 47.
c5 R7a2 48. Rxa1 Rxa1 49. c6 Rc1+ 50. Kd2 Rc2+ 51. Kd1 Rxh2 52. Rc3 g3 53. Ke1
Re2+ 54. Kf1 g2+ 55. Kg1 d2 0-1

[Event "XXVI Ogolnopolska Olimpiada Mlodziezy"]
[Site "Pulawy"]
[Date "2020.10.05"]
[Round "1.11"]
[White "Karwot, Marek"]
[Black "Brozynski, Patryk"]
[Result "1-0"]
[WhiteElo "1362"]
[BlackElo "1734"]
[PlyCount "91"]
[EventDate "2020.10.04"]
[EventType "swiss"]
[Tiebreak "Sum of Buchholz+Median1 Buchholz+Sonneborn-Berger (Swiss)"]

1. e4 c5 2. Nf3 e6 3. g3 Nc6 4. Bg2 Qc7 5. Nc3 a6 6. O-O Be7 7. Re1 d6 8. d4
cxd4 9. Nxd4 Nxd4 10. Qxd4 Bf6 11. Qd3 Bd7 12. Bf4 Be5 13. Bd2 Rc8 14. a4 Qb6
15. a5 Qxb2 16. Reb1 Rxc3 17. Bxc3 Qxc3 18. Qxc3 Bxc3 19. Ra3 Be5 20. Rxb7 Ne7
21. Bf1 Bc8 22. Ra7 Bd4 23. Ra8 O-O 24. Bxa6 Bxa6 25. Rxa6 Rb8 26. Rb3 Rd8 27.
Kf1 f6 28. Rb7 Kf8 29. Ke2 Kf7 30. Rc6 Ke8 31. Rcc7 Ng6 32. Rxg7 f5 33. Rxh7
fxe4 34. a6 Be5 35. h4 d5 36. h5 Rc8 37. hxg6 Rxc2+ 38. Kd1 Ra2 39. g7 Ra1+ 40.
Ke2 Ra2+ 41. Kf1 Ra1+ 42. Kg2 Bxg7 43. Rhxg7 Rg1+ 44. Kxg1 Kf8 45. Rgc7 e3 46.
Rc8# 1-0

[Event "XXVI Ogolnopolska Olimpiada Mlodziezy"]
[Site "Pulawy"]
[Date "2020.10.05"]
[Round "1.11"]
[White "Peksa, Zuzanna"]
[Black "Arciszewska, Zuzanna"]
[Result "0-1"]
[WhiteElo "1267"]
[BlackElo "1593"]
[PlyCount "112"]
[EventDate "2020.10.04"]
[EventType "swiss"]
[Tiebreak "Sum of Buchholz+Median1 Buchholz+Sonneborn-Berger (Swiss)"]

1. e4 c5 2. Nf3 e6 3. d4 cxd4 4. Nxd4 Nf6 5. Nc3 Qc7 6. Bd3 a6 7. O-O Nc6 8.
Nxc6 dxc6 9. Be3 Be7 10. f4 e5 11. Qf3 Ng4 12. fxe5 Nxe5 13. Qg3 Be6 14. Na4
Qa5 15. Qxg7 Rf8 16. Nc3 O-O-O 17. Rad1 Rg8 18. Qh6 Ng4 19. Qh3 Nxe3 20. Qf3
Nxd1 21. Qxd1 Qg5 22. Qf3 Bc5+ 23. Kh1 Qg4 24. Na4 Qxf3 25. Rxf3 Ba7 26. a3 Rg5
27. b4 Rdg8 28. g3 h5 29. c4 b5 30. cxb5 cxb5 31. Nb2 h4 32. Kg2 f5 33. exf5
Bd5 34. f6 Bxf3+ 35. Kxf3 hxg3 36. hxg3 Rxg3+ 37. Kf4 Bd4 38. Bf5+ Kc7 39. Nd3
Rxd3 40. Bxd3 Bxf6 41. Ke3 Rg3+ 42. Kd2 Bb2 43. Kc2 Bxa3 44. Kc3 Bxb4+ 45. Kxb4
Rxd3 46. Ka5 Ra3+ 47. Kb4 Ra4+ 48. Kb3 Kc6 49. Kb2 Kc5 50. Kb3 Rg4 51. Kb2 Rg3
52. Kb1 Rg2 53. Kc1 Kc4 54. Kb1 Kc3 55. Ka1 Kb3 56. Kb1 Rg1# 0-1

[Event "XXVI Ogolnopolska Olimpiada Mlodziezy"]
[Site "Pulawy"]
[Date "2020.10.05"]
[Round "1.12"]
[White "Janeczko, Jakub"]
[Black "Jaskulski, Jan"]
[Result "0-1"]
[WhiteElo "1933"]
[BlackElo "1619"]
[PlyCount "74"]
[EventDate "2020.10.04"]
[EventType "swiss"]
[Tiebreak "Sum of Buchholz+Median1 Buchholz+Sonneborn-Berger (Swiss)"]

1. e4 c5 2. d3 Nc6 3. g3 g6 4. Bg2 Bg7 5. f4 e6 6. Nf3 Nge7 7. O-O O-O 8. c3 d5
9. Na3 Rb8 10. e5 b5 11. d4 b4 12. cxb4 Rxb4 13. dxc5 Qa5 14. Qc2 Ba6 15. Rf2
Re4 16. Bd2 Nb4 17. Qc3 Nec6 18. Nc2 Rc4 19. Nxb4 Rxc3 20. Nxc6 Qxc5 21. Bxc3
Qxc6 22. Nd4 Qd7 23. Re1 Rc8 24. g4 Bf8 25. f5 Bc5 26. Kh1 Qd8 27. fxe6 fxe6
28. Nxe6 Bxf2 29. Nxd8 Bxe1 30. Bxd5+ Kf8 31. Ne6+ Ke7 32. Bd4 Rc1 33. Bc5+ Kd7
34. Kg2 Bb7 35. Nf8+ Ke8 36. Bxb7 Rxc5 37. Nxh7 Rxe5 0-1

[Event "XXVI Ogolnopolska Olimpiada Mlodziezy"]
[Site "Pulawy"]
[Date "2020.10.05"]
[Round "1.12"]
[White "Janikowska, Wiktoria"]
[Black "Golinska, Patrycja"]
[Result "1-0"]
[WhiteElo "1580"]
[BlackElo "1264"]
[PlyCount "55"]
[EventDate "2020.10.04"]
[EventType "swiss"]
[Tiebreak "Sum of Buchholz+Median1 Buchholz+Sonneborn-Berger (Swiss)"]

1. e4 e5 2. Nf3 Nc6 3. Bc4 Nf6 4. d3 Bc5 5. O-O d6 6. c3 Bg4 7. b4 Bb6 8. Bg5
h6 9. Bh4 g5 10. Bg3 h5 11. h4 d5 12. exd5 Nxd5 13. Bxd5 Qxd5 14. c4 Qd7 15. c5
Bxf3 16. Qxf3 Qd4 17. cxb6 g4 18. Qf6 Rg8 19. Nd2 Qxd3 20. Nb3 Rd8 21. bxc7 Rc8
22. Nc5 Qh7 23. Qd6 f5 24. Qe6+ Ne7 25. Bxe5 b6 26. Qd7+ Kf7 27. Nb7 Kg6 28.
Qe6# 1-0

[Event "XXVI Ogolnopolska Olimpiada Mlodziezy"]
[Site "Pulawy"]
[Date "2020.10.05"]
[Round "1.12"]
[White "Musial, Igor"]
[Black "Nocek, Dominik"]
[Result "1-0"]
[WhiteElo "1722"]
[BlackElo "1354"]
[PlyCount "85"]
[EventDate "2020.10.04"]
[EventType "swiss"]
[Tiebreak "Sum of Buchholz+Median1 Buchholz+Sonneborn-Berger (Swiss)"]

1. e4 e5 2. Nf3 Nc6 3. Bb5 a6 4. Ba4 Nf6 5. O-O Be7 6. Re1 b5 7. Bb3 d6 8. c3
O-O 9. h3 Na5 10. Bc2 c5 11. d4 Qc7 12. Nbd2 Bd7 13. Nf1 cxd4 14. cxd4 Nc6 15.
Be3 Rac8 16. Rc1 Qb8 17. Qd2 h6 18. Ng3 Bd8 19. b4 a5 20. a3 a4 21. dxe5 Nxe5
22. Nxe5 dxe5 23. Bc5 Re8 24. Bd3 Bb6 25. Rc2 Rc7 26. Rec1 Bxc5 27. Rxc5 Rec8
28. Qe3 Rxc5 29. Rxc5 Kh7 30. Nf5 Rxc5 31. Qxc5 Bxf5 32. exf5 Qd8 33. Bxb5 Qd1+
34. Kh2 Qb3 35. Qe3 Qxe3 36. fxe3 Nd5 37. Bxa4 Nxe3 38. Bb3 Nxf5 39. Bc2 g6 40.
Bxf5 gxf5 41. b5 e4 42. Kg3 h5 43. Kf4 1-0